The Companion to Business in Africa (Record no. 6878)
[ view plain ]
| 005 - DATE AND TIME OF LATEST TRANSACTION | |
|---|---|
| control field | 20260429124242.0 |
| 020 ## - INTERNATIONAL STANDARD BOOK NUMBER | |
| International Standard Book Number | 9781138363045 |
| 100 ## - MAIN ENTRY--PERSONAL NAME | |
| Author name | NWANKWO,S |
| 245 ## - TITLE STATEMENT | |
| Title | The Companion to Business in Africa |
| 260 ## - PUBLICATION, DISTRIBUTION, ETC. | |
| Place of publication, distribution, etc. | New York |
| Name of publisher, distributor, etc. | ROUTLEDGE COMPANIONS |
| Date of publication, distribution, etc. | 2015 |
| 300 ## - PHYSICAL DESCRIPTION | |
| Extent | xxvii,595p:ill;pictures,tables |
| Other physical details | Index |
| Dimensions | 24.5cm |
| 700 ## - ADDED ENTRY--PERSONAL NAME | |
| Other authors/Editors | IBEH,K |
| 942 ## - ADDED ENTRY ELEMENTS (KOHA) | |
| Source of classification or shelving scheme | Dewey Decimal Classification |
| Koha item type | Books |
| Date last seen | Total checkouts | Full call number | Barcode | Cost, replacement price | Price effective from | Koha item type | Lost status | Source of classification or shelving scheme | Damaged status | Not for loan | Withdrawn status | Home library | Current library | Shelving location | Date acquired | Source of acquisition | Cost, normal purchase price |
|---|---|---|---|---|---|---|---|---|---|---|---|---|---|---|---|---|---|
| 04/29/2026 | 650 NWA | MBY0001199 | 497202.00 | 04/29/2026 | Books | Dewey Decimal Classification | CBE MBEYA | CBE MBEYA | Special Reserve Collection | 04/27/2026 | PURCHASE | 165734.00 | |||||
| 04/29/2026 | 650 NWA | MBY0001200 | 497202.00 | 04/29/2026 | Books | Dewey Decimal Classification | CBE MBEYA | CBE MBEYA | General Collection | 04/27/2026 | PURCHASE | 165734.00 | |||||
| 04/29/2026 | 650 NWA | MBY0001201 | 497202.00 | 04/29/2026 | Books | Dewey Decimal Classification | CBE MBEYA | CBE MBEYA | General Collection | 04/27/2026 | PURCHASE | 165734.00 |
